000 00299nam a22001337a 4500
020 _a978-0-7166-2268-0
082 _a001
_bCAR/O
100 _aCARRIGAN, MELLONEE
245 _aOUR EARTH
260 _aUSA
_bWORLD BOOK INC
_c2013
300 _a191
650 _aENCYCLODIEA SCIENCE
_zINDIA
942 _cBK
999 _c1807
_d1807